[Event "IV Festival Terre degli Elimi A"]
[Site "Erice ITA"]
[Date "2013.07.26"]
[Round "4"]
[White "Gelardi, Davide"]
[Black "Alaimo, Francesco"]
[WhiteElo "1854"]
[BlackElo "1657"]
[Result "1/2-1/2"]
[PlyCount "59"]
[EventDate "2013.07.24"]

1. d4 Nf6 2. c4 g6 3. Nc3 Bg7 4. Nf3 d6 5. g3 Nbd7 6. Bg2 O-O 7. O-O c6 8. e4
e5 9. d5 Qe7 10. Re1 h6 11. Rb1 c5 12. a3 Nb6 13. Qe2 Nh5 14. Nh4 Kh7 15. Bf3
Bf6 16. Ng2 Ng7 17. Ne3 h5 18. b4 Nd7 19. h4 b6 20. Nf1 Ne8 21. Be3 Bg7 22.
Red1 Bh6 23. Bxh6 Kxh6 24. Qe3+ Kh7 25. Nd2 Ng7 26. Nb3 f5 27. bxc5 Nxc5 28.
Nxc5 bxc5 29. Ne2 Qf7 30. Kg2 1/2-1/2

[Event "IV Festival Terre degli Elimi A"]
[Site "Erice ITA"]
[Date "2013.07.26"]
[Round "4"]
[White "Georgiev, Vladimir"]
[Black "Przezdziecka, Marta"]
[WhiteElo "2544"]
[BlackElo "2297"]
[Result "1-0"]
[PlyCount "117"]
[EventDate "2013.07.24"]

1. c4 Nf6 2. Nc3 d5 3. d4 g6 4. Bg5 Bg7 5. Bxf6 Bxf6 6. cxd5 c6 7. Rc1 O-O 8.
dxc6 Bxd4 9. cxb7 Bxb7 10. e3 Bxc3+ 11. Rxc3 Qa5 12. Nf3 Rd8 13. Qc1 Nd7 14.
Be2 Bxf3 15. gxf3 Qxa2 16. O-O Nb6 17. f4 Rac8 18. Bg4 Rxc3 19. Qxc3 h5 20. Bh3
e6 21. Bg2 Qc4 22. Qe5 Qc2 23. h3 Rd1 24. b3 Qd3 25. b4 Rxf1+ 26. Bxf1 Qd8 27.
Qc5 Kg7 28. Be2 Kg8 29. Bf3 Kg7 30. Kg2 Kg8 31. b5 Kg7 32. Qa3 Qc7 33. Bc6 Kg8
34. Kf3 Nc8 35. Qa4 Nb6 36. Qa1 Qe7 37. Qe5 Qd8 38. Kg3 Kh7 39. Kg2 Kg8 40. Qa1
Qc7 41. Qd4 Kh7 42. Kg3 Kg8 43. h4 Kh7 44. Qc5 Qd8 45. Bf3 Kg8 46. Qc3 Qe7 47.
Qc6 Kg7 48. Qc3+ Kg8 49. Qd4 Kh7 50. e4 Qa3 51. Qf6 Kg8 52. f5 exf5 53. exf5
Qd3 54. fxg6 fxg6 55. Kg2 Nd7 56. Qd8+ Kf7 57. Bc6 Nc5 58. Bd5+ Kg7 59. Qe7+
1-0

[Event "IV Festival Terre degli Elimi A"]
[Site "Erice ITA"]
[Date "2013.07.26"]
[Round "4"]
[White "Gutierrez Bolado, Juan Antonio"]
[Black "Bertino, Giacomo"]
[WhiteElo "1711"]
[BlackElo "1928"]
[Result "0-1"]
[PlyCount "78"]
[EventDate "2013.07.24"]

1. f4 Nf6 2. Nc3 d5 3. Nf3 d4 4. Nb5 c5 5. c3 Bd7 6. Na3 Nc6 7. e3 dxe3 8. dxe3
Bf5 9. Qb3 Qb6 10. Qxb6 axb6 11. Nc4 Nd7 12. Ncd2 Bc2 13. Be2 e5 14. O-O exf4
15. exf4 Bd6 16. Ne1 Bf5 17. Nc4 Bc7 18. Ne3 Be6 19. f5 Bb3 20. Bc4 Bxc4 21.
Nxc4 b5 22. Ne3 Nf6 23. Nf3 O-O 24. b3 Rfe8 25. g3 Ba5 26. Nd1 Bb6 27. Be3 Rxe3
28. Nxe3 c4 29. Rae1 Ng4 30. Nd4 Nxe3 31. Rxe3 Nxd4 32. cxd4 Bxd4 33. Rfe1 c3
34. Kf1 Bxe3 35. Rxe3 b4 36. Re2 Kf8 37. Kf2 h5 38. Re4 Rxa2+ 39. Ke1 Ra1+ 0-1

[Event "IV Festival Terre degli Elimi A"]
[Site "Erice ITA"]
[Date "2013.07.26"]
[Round "4"]
[White "Konijn, Bart"]
[Black "Morello, Guido"]
[WhiteElo "2264"]
[BlackElo "2048"]
[Result "1-0"]
[PlyCount "55"]
[EventDate "2013.07.24"]

1. e4 c5 2. Nf3 Nc6 3. d4 cxd4 4. Nxd4 e5 5. Nb5 d6 6. c4 a6 7. N5c3 Be7 8. Nd5
Nf6 9. Nbc3 Be6 10. Be3 Nd4 11. Nxe7 Qxe7 12. Bxd4 exd4 13. Qxd4 O-O 14. Be2
Rad8 15. Rd1 b5 16. cxb5 axb5 17. Bxb5 d5 18. e5 Ng4 19. O-O Qg5 20. Be2 f5 21.
f4 Qh4 22. Bxg4 fxg4 23. Ne2 Rc8 24. Rc1 Rxc1 25. Rxc1 g5 26. Rf1 gxf4 27. Nxf4
g3 28. hxg3 1-0

[Event "IV Festival Terre degli Elimi A"]
[Site "Erice ITA"]
[Date "2013.07.26"]
[Round "4"]
[White "La Franca, Vincenzo"]
[Black "Rigattieri, Uber"]
[WhiteElo "1656"]
[BlackElo "1873"]
[Result "1/2-1/2"]
[PlyCount "89"]
[EventDate "2013.07.24"]

1. d4 Nf6 2. Nf3 g6 3. Nc3 Bg7 4. e4 d6 5. Be2 c6 6. O-O O-O 7. Be3 Nbd7 8. Qd2
b5 9. a3 a6 10. Bh6 Bb7 11. Bxg7 Kxg7 12. b4 e5 13. Bd3 Qb6 14. dxe5 Nxe5 15.
Nxe5 dxe5 16. Kh1 Nh5 17. g3 Qd4 18. Ne2 Qd6 19. Qc3 Kg8 20. Rad1 Qe6 21. Kg2
f6 22. Qb3 Qxb3 23. cxb3 Rad8 24. f3 Ng7 25. Bc2 Ne6 26. Rxd8 Rxd8 27. Rd1 Rxd1
28. Bxd1 Kf7 29. Kf2 Ke7 30. Ke3 Kd6 31. h4 Bc8 32. f4 Nd8 33. Bc2 h6 34. f5 g5
35. hxg5 hxg5 36. g4 Bd7 37. Ng3 Be8 38. Bd1 Bf7 39. Kd2 Nb7 40. Kc3 Ke7 41.
Bc2 Nd6 42. Kb2 Nc8 43. Kc3 Nd6 44. Kb2 Nb7 45. Kc3 1/2-1/2

[Event "IV Festival Terre degli Elimi A"]
[Site "Erice ITA"]
[Date "2013.07.26"]
[Round "4"]
[White "Licata, Silvio"]
[Black "Savalla, Gianluca"]
[WhiteElo "1545"]
[BlackElo "1653"]
[Result "0-1"]
[PlyCount "128"]
[EventDate "2013.07.24"]

1. d4 Nf6 2. c4 c5 3. Nf3 cxd4 4. Nxd4 g6 5. Bg5 Bg7 6. Nc3 O-O 7. e3 d6 8. Be2
Qb6 9. Qd2 Nc6 10. Nxc6 Qxc6 11. O-O Be6 12. Bxf6 Bxf6 13. b3 Rac8 14. Rac1 Bg7
15. Bf3 Qd7 16. Qe2 b6 17. Rfd1 Bxc3 18. Rxc3 Qc7 19. a4 a5 20. Qb2 Qc5 21.
Rcd3 Qb4 22. R3d2 Rc7 23. h4 h5 24. g3 Rfc8 25. Bd5 Bf5 26. Rd4 Qc5 27. Bf3 Be6
28. Bd5 Bxd5 29. Rxd5 Qc6 30. Qd4 Rb7 31. g4 hxg4 32. Qxg4 Qd7 33. Qg3 Rc5 34.
h5 Kg7 35. Kg2 Qe6 36. hxg6 fxg6 37. R1d4 Rxd5 38. cxd5 Qf5 39. Rg4 Qxd5+ 40.
e4 Qe5 41. f4 Qxe4+ 42. Kf2 e6 43. f5 Qxf5+ 44. Rf4 Qc2+ 45. Ke1 Rf7 46. Rc4
Qb1+ 47. Kd2 Qf5 48. Ke2 Qe5+ 49. Qxe5+ dxe5 50. Rc6 Kf6 51. Rxb6 Ra7 52. Ke3
Kf5 53. Rb8 Rc7 54. Rb5 Ra7 55. Kf3 g5 56. Rc5 g4+ 57. Ke3 Rb7 58. Rb5 Ra7 59.
Rc5 Rd7 60. Rc3 Rd5 61. Rd3 e4 62. Rc3 Rd3+ 63. Rxd3 exd3 64. Kxd3 Kf4 0-1

[Event "IV Festival Terre degli Elimi A"]
[Site "Erice ITA"]
[Date "2013.07.26"]
[Round "4"]
[White "Marzaduri, Riccardo"]
[Black "Russo, Carmelo"]
[WhiteElo "1931"]
[BlackElo "1686"]
[Result "1-0"]
[PlyCount "95"]
[EventDate "2013.07.24"]

1. e4 c6 2. d4 d5 3. Nc3 g6 4. Nf3 h5 5. h3 Bg7 6. e5 Nh6 7. Bf4 Nf5 8. Bd3 Qb6
9. Na4 Qa5+ 10. c3 Na6 11. b4 Nxb4 12. cxb4 Qxb4+ 13. Bd2 Qa3 14. Qc2 Bh6 15.
Bxh6 Nxh6 16. Rb1 e6 17. Nc5 Qa5+ 18. Qd2 Qxd2+ 19. Kxd2 b6 20. Na6 O-O 21.
Rhc1 Bd7 22. Nb4 Rac8 23. Ba6 Rc7 24. Bb5 Rfc8 25. Na6 Rb7 26. Bd3 Be8 27. Rc3
Nf5 28. g4 hxg4 29. hxg4 Ne7 30. Rcc1 Kg7 31. Ng5 Ng8 32. Rh1 Nh6 33. f3 Re7
34. Rh4 Bd7 35. Rbh1 Rh8 36. f4 Ree8 37. a4 Nxg4 38. Rh7+ Rxh7 39. Rxh7+ Kg8
40. Rxf7 Rd8 41. Bxg6 Nh6 42. Rh7 Nf5 43. Bf7+ Kf8 44. Bxe6 Ng7 45. Bxd7 Rxd7
46. e6 Rb7 47. e7+ Rxe7 48. Rh8# 1-0

[Event "IV Festival Terre degli Elimi A"]
[Site "Erice ITA"]
[Date "2013.07.26"]
[Round "4"]
[White "Masternak, Grzegorz"]
[Black "Martinez, Ayelen"]
[WhiteElo "2339"]
[BlackElo "2103"]
[Result "1-0"]
[PlyCount "85"]
[EventDate "2013.07.24"]

1. e4 c5 2. Nc3 a6 3. g3 b5 4. Bg2 Bb7 5. f4 e6 6. d3 Nf6 7. Nf3 d5 8. e5 Nfd7
9. O-O Nc6 10. Ne2 b4 11. c3 a5 12. Be3 Be7 13. g4 h5 14. gxh5 Rxh5 15. Ng3 Rh7
16. d4 g6 17. a3 Qb6 18. axb4 cxb4 19. Rf2 b3 20. Bf1 a4 21. Nd2 Bh4 22. Bd3
Bxg3 23. hxg3 Ke7 24. Nf3 Rah8 25. Rh2 Rxh2 26. Nxh2 Ncxe5 27. fxe5 Nxe5 28.
Ng4 Nc4 29. Bg5+ Kd7 30. Qe2 a3 31. Nf6+ Kc8 32. bxa3 Qc7 33. Bf4 e5 34. Qg4+
Kb8 35. Nd7+ Ka8 36. Nxe5 Nxe5 37. Bxe5 Qxc3 38. Rd1 Re8 39. Qf4 b2 40. Qd2
Qxa3 41. Rb1 f6 42. Rxb2 Ba6 43. Ra2 1-0

[Event "IV Festival Terre degli Elimi A"]
[Site "Erice ITA"]
[Date "2013.07.26"]
[Round "4"]
[White "Mondello, Simone"]
[Black "Gueci, Laura"]
[WhiteElo "1800"]
[BlackElo "1913"]
[Result "1-0"]
[PlyCount "59"]
[EventDate "2013.07.24"]

1. e4 c5 2. b3 Nc6 3. Bb2 d6 4. Bb5 Bd7 5. f4 e6 6. Nf3 Nf6 7. Nc3 a6 8. Bxc6
Bxc6 9. d3 Be7 10. O-O O-O 11. Qe2 b5 12. a4 Qb6 13. Kh1 Rfd8 14. e5 Nd5 15.
Nxd5 Bxd5 16. exd6 Bxd6 17. Ng5 h6 18. Ne4 Qb7 19. Qg4 Bf8 20. Nf6+ Kh8 21. Nh5
Kh7 22. f5 exf5 23. Qxf5+ Kh8 24. Nf4 Ra7 25. axb5 Be6 26. Nxe6 fxe6 27. Qxe6
axb5 28. Qxh6+ Kg8 29. Qe6+ Kh8 30. Rf3 1-0

[Event "IV Festival Terre degli Elimi A"]
[Site "Erice ITA"]
[Date "2013.07.26"]
[Round "4"]
[White "Nabuurs, Mart"]
[Black "Rudolf, Anna"]
[WhiteElo "2243"]
[BlackElo "2301"]
[Result "0-1"]
[PlyCount "84"]
[EventDate "2013.07.24"]

1. e4 e6 2. Nf3 d5 3. e5 c5 4. b4 cxb4 5. a3 Nh6 6. axb4 Bxb4 7. c3 Be7 8. d4
Nf5 9. Bd3 Nc6 10. g4 Nh4 11. Nxh4 Bxh4 12. O-O Be7 13. f4 g6 14. f5 exf5 15.
gxf5 Bxf5 16. Bxf5 gxf5 17. Rxf5 Qd7 18. Qf3 O-O-O 19. Ra2 Rhg8+ 20. Kh1 Rg7
21. Bh6 Rg6 22. Be3 Rf8 23. Nd2 f6 24. Ra1 Re8 25. exf6 Rxf6 26. Rxf6 Bxf6 27.
Bf2 Bd8 28. Nb3 b6 29. c4 Nb4 30. Bg3 Kb7 31. c5 Bc7 32. cxb6 axb6 33. Bxc7
Qxc7 34. Ra4 Re1+ 35. Kg2 Qg7+ 36. Qg3 Qe7 37. Ra3 Nc2 38. Nc5+ bxc5 39. Qb3+
Nb4 40. dxc5 Qxc5 41. Qa4 Re2+ 42. Kh3 Re3+ 0-1

[Event "IV Festival Terre degli Elimi A"]
[Site "Erice ITA"]
[Date "2013.07.26"]
[Round "4"]
[White "Pesiri, Rossano"]
[Black "Schlee, Ulrich"]
[WhiteElo "1952"]
[BlackElo "1802"]
[Result "0-1"]
[PlyCount "137"]
[EventDate "2013.07.24"]

1. d4 d5 2. c4 e6 3. Nc3 Nf6 4. Nf3 Nbd7 5. e3 a6 6. b3 Be7 7. Bb2 O-O 8. Bd3
c5 9. O-O b6 10. Ne5 Bb7 11. f4 Ne4 12. cxd5 exd5 13. f5 Ndf6 14. Ne2 Rc8 15.
Nf4 b5 16. dxc5 Bxc5 17. Bd4 Bxd4 18. exd4 Qd6 19. Qe1 Rc7 20. Qh4 Qb6 21. Ne2
Re8 22. Kh1 b4 23. g4 h6 24. Nf3 Bc8 25. g5 hxg5 26. Nxg5 Nxg5 27. Qxg5 Nh7 28.
Qh5 Qf6 29. Qf3 Ng5 30. Qf4 Rce7 31. Ng3 Nh3 32. Qg4 Ng5 33. Nh5 Qh6 34. Rac1
Re3 35. Rxc8 Rxc8 36. f6 Rc6 37. Bb1 g6 38. Nf4 Rcc3 39. Nxd5 Rh3 40. Nxc3
Rxh2+ 41. Kg1 Rh1+ 42. Kf2 Qh2+ 43. Ke1 Rxf1+ 44. Kxf1 Qh1+ 45. Qg1 Qh3+ 46.
Qg2 Qxg2+ 47. Kxg2 bxc3 48. Kf2 Nh7 49. Ke3 Nxf6 50. Kd3 Nd5 51. Kc4 c2 52.
Bxc2 Ne3+ 53. Kd3 Nxc2 54. Kxc2 f5 55. Kd3 Kf7 56. d5 Ke7 57. Kd4 Kd6 58. a4 a5
59. b4 axb4 60. a5 b3 61. a6 b2 62. a7 b1=Q 63. a8=Q Qe4+ 64. Kc3 Qe5+ 65. Kc4
Qe2+ 66. Kd4 Qd1+ 67. Kc4 Qc2+ 68. Kb5 Qc5+ 69. Ka4 0-1

[Event "IV Festival Terre degli Elimi A"]
[Site "Erice ITA"]
[Date "2013.07.26"]
[Round "4"]
[White "Piazza, Dario"]
[Black "Groenewold, Jan Joris"]
[WhiteElo "1881"]
[BlackElo "2175"]
[Result "0-1"]
[PlyCount "42"]
[EventDate "2013.07.24"]

1. e4 c5 2. Nf3 e6 3. d4 cxd4 4. Nxd4 a6 5. Nc3 Ne7 6. Be3 Nec6 7. Nb3 b5 8.
Be2 d6 9. O-O Bb7 10. f4 Nd7 11. a3 Na5 12. Nxa5 Qxa5 13. Bf3 Rc8 14. Qd2 Be7
15. Rf2 Qc7 16. g4 O-O 17. g5 Nb6 18. Qd4 Nc4 19. Rd1 e5 20. fxe5 dxe5 21. Qd3
Nxb2 0-1

[Event "IV Festival Terre degli Elimi A"]
[Site "Erice ITA"]
[Date "2013.07.26"]
[Round "4"]
[White "Prinzivalli, Achille"]
[Black "Iannello, Andrea"]
[WhiteElo "1721"]
[BlackElo "1837"]
[Result "1/2-1/2"]
[PlyCount "30"]
[EventDate "2013.07.24"]

1. e4 c5 2. Nc3 Nc6 3. g3 g6 4. Bg2 Bg7 5. f4 e6 6. Nf3 Nge7 7. Ne2 d5 8. e5 d4
9. d3 O-O 10. O-O Nd5 11. Kh1 Nce7 12. c4 Nc7 13. b4 cxb4 14. Nfxd4 f6 15. Nf3
Nc6 1/2-1/2

[Event "IV Festival Terre degli Elimi A"]
[Site "Erice ITA"]
[Date "2013.07.26"]
[Round "4"]
[White "Ravagnani, Tiziano"]
[Black "Van Den Berg, Bram"]
[WhiteElo "1960"]
[BlackElo "2231"]
[Result "1/2-1/2"]
[PlyCount "24"]
[EventDate "2013.07.24"]

1. e4 d5 2. exd5 Nf6 3. d4 Bg4 4. f3 Bf5 5. Bd3 Bxd3 6. Qxd3 Qxd5 7. Nc3 Qd7 8.
Nge2 Nc6 9. a3 O-O-O 10. Be3 e6 11. O-O Ne7 12. Ne4 Ng6 1/2-1/2

[Event "IV Festival Terre degli Elimi A"]
[Site "Erice ITA"]
[Date "2013.07.26"]
[Round "4"]
[White "Rosolia, Giuseppe"]
[Black "Ganci, Fabrizio"]
[WhiteElo "1801"]
[BlackElo "2073"]
[Result "0-1"]
[PlyCount "74"]
[EventDate "2013.07.24"]

1. Nf3 d5 2. d3 Nf6 3. Nbd2 Bg4 4. e4 c6 5. Be2 Nbd7 6. O-O e5 7. Ng5 Bxe2 8.
Qxe2 Bd6 9. b3 O-O 10. a4 Qe7 11. Nh3 Rfe8 12. Bb2 Nf8 13. Rae1 Ng6 14. Kh1
Rad8 15. f3 Qe6 16. Qf2 b6 17. exd5 Nxd5 18. Nc4 Bb4 19. Ra1 Ngf4 20. Ng5 Qg6
21. Ne4 f6 22. Ba3 f5 23. Ng3 Bc3 24. Bb2 Bd4 25. Bxd4 exd4 26. Rfe1 Qf6 27.
Rxe8+ Rxe8 28. Re1 Re6 29. h3 b5 30. axb5 cxb5 31. Rxe6 Qxe6 32. Na3 a6 33.
Qxd4 Qe1+ 34. Kh2 Qxg3+ 35. Kxg3 Ne2+ 36. Kf2 Nxd4 37. c4 b4 0-1

[Event "IV Festival Terre degli Elimi A"]
[Site "Erice ITA"]
[Date "2013.07.26"]
[Round "4"]
[White "Savalla, Pietro"]
[Black "Novak, Ksenija"]
[WhiteElo "1909"]
[BlackElo "2099"]
[Result "0-1"]
[PlyCount "98"]
[EventDate "2013.07.24"]

1. d4 d5 2. Nf3 Nf6 3. e3 Bf5 4. Bd3 e6 5. Bxf5 exf5 6. c4 c6 7. O-O Be7 8. Qb3
Qb6 9. Qxb6 axb6 10. cxd5 Nxd5 11. Bd2 b5 12. Nc3 Nb6 13. a3 Nc4 14. Rab1 Nd7
15. Na2 Ndb6 16. Bb4 Nd5 17. Bxe7 Kxe7 18. Rfd1 Kd6 19. Nd2 Rhe8 20. Nxc4+ bxc4
21. Rbc1 b5 22. g3 g5 23. Re1 Ra7 24. Nc3 Nxc3 25. Rxc3 Kd5 26. Rcc1 f4 27. Kg2
fxe3 28. fxe3 Ke4 29. h3 f5 30. Rcd1 c3 31. bxc3 Rxa3 32. Kf2 Rxc3 33. Rc1 Rxc1
34. Rxc1 Re6 35. Rc5 f4 36. exf4 gxf4 37. d5 fxg3+ 38. Kg2 cxd5 39. Rxb5 Rg6
40. Rb7 h6 41. h4 d4 42. Re7+ Kd3 43. Rh7 Ke2 44. h5 Re6 45. Rg7 d3 46. Rg6
Rxg6 47. hxg6 d2 48. g7 d1=Q 49. g8=Q Qf1+ 0-1

[Event "IV Festival Terre degli Elimi A"]
[Site "Erice ITA"]
[Date "2013.07.26"]
[Round "4"]
[White "Spinella, Andrea"]
[Black "Campo, Renato"]
[WhiteElo "1808"]
[BlackElo "1998"]
[Result "0-1"]
[PlyCount "58"]
[EventDate "2013.07.24"]

1. e4 g6 2. d4 Bg7 3. Nf3 c5 4. Bc4 cxd4 5. c3 d3 6. Qxd3 Nc6 7. Be3 Nf6 8.
Nbd2 d6 9. h3 O-O 10. g4 Na5 11. Nd4 Nxc4 12. Nxc4 d5 13. exd5 Nxd5 14. O-O-O
e5 15. Nf3 Be6 16. Ng5 Nxe3 17. Qxe3 Qe7 18. Nxe6 Qxe6 19. Na3 Qxa2 20. Kc2 b5
21. Ra1 Qe6 22. Nxb5 Rab8 23. Qe2 a6 24. Na3 Qb3+ 25. Kc1 Rfd8 26. g5 e4 27.
Qc2 Qe6 28. h4 e3 29. Qe2 Qd5 0-1

[Event "IV Festival Terre degli Elimi A"]
[Site "Erice ITA"]
[Date "2013.07.26"]
[Round "4"]
[White "Spinelli, Dario"]
[Black "Parrinello, Marco"]
[WhiteElo "1606"]
[BlackElo "1569"]
[Result "1/2-1/2"]
[PlyCount "116"]
[EventDate "2013.07.24"]

1. e4 e5 2. Nf3 Nc6 3. d4 exd4 4. Nxd4 Nf6 5. Nc3 Bb4 6. Nxc6 bxc6 7. Bd3 O-O
8. O-O h6 9. a3 Bc5 10. e5 Nd5 11. Nxd5 cxd5 12. Qh5 Qe7 13. Bf4 a5 14. Rfe1
Ba6 15. Rad1 Rfb8 16. Bxa6 Rxa6 17. Rxd5 Rxb2 18. Kf1 Rxc2 19. Bg3 Bxa3 20. Qf3
Bb4 21. Red1 d6 22. Qd3 Rcc6 23. Qf5 Qe6 24. Qe4 Rcb6 25. Qc2 Rc6 26. Qe4 Bc5
27. Re1 a4 28. Qd3 Qd7 29. Ra1 a3 30. exd6 cxd6 31. Be5 Qb7 32. Bc3 Qb3 33. Rb1
Qxb1+ 34. Qxb1 Rcb6 35. Qa1 a2 36. Rd1 d5 37. Bb2 d4 38. g3 d3 39. Kg2 d2 40.
Rxd2 Rxb2 41. Rxb2 Bd4 42. Qxa2 Rxa2 43. Rxa2 Bf6 44. f4 g5 45. fxg5 hxg5 46.
Kf3 Kg7 47. Kg4 Kg6 48. Ra6 Kg7 49. Kh5 Bd8 50. Ra7 Bb6 51. Rd7 Be3 52. Rd5 Bc1
53. Rxg5+ Bxg5 54. Kxg5 f6+ 55. Kf5 Kf7 56. h3 Kg7 57. Ke6 Kg6 58. g4 Kg5
1/2-1/2

[Event "IV Festival Terre degli Elimi A"]
[Site "Erice ITA"]
[Date "2013.07.26"]
[Round "4"]
[White "Stirpe, Claudio"]
[Black "Konijn, Rob"]
[WhiteElo "2029"]
[BlackElo "1974"]
[Result "1-0"]
[PlyCount "51"]
[EventDate "2013.07.24"]

1. d4 d5 2. c4 c6 3. Nf3 Nf6 4. Nc3 e6 5. e3 Nbd7 6. Qc2 Bd6 7. g4 dxc4 8. g5
Nd5 9. Bxc4 O-O 10. Ne4 Be7 11. a3 b6 12. h4 Bb7 13. Bd2 Rc8 14. Bc3 c5 15. Ba2
cxd4 16. Nxd4 Nxc3 17. bxc3 Qc7 18. O-O Qe5 19. Bb1 g6 20. Rc1 Nc5 21. Ng3 h6
22. h5 Qxg5 23. hxg6 f5 24. Ba2 Qxg6 25. Ndxf5 Bf6 26. Ne7+ 1-0

[Event "IV Festival Terre degli Elimi A"]
[Site "Erice ITA"]
[Date "2013.07.26"]
[Round "4"]
[White "Toma, Katarzyna"]
[Black "Kampman, Tijmen"]
[WhiteElo "2305"]
[BlackElo "2094"]
[Result "1-0"]
[PlyCount "75"]
[EventDate "2013.07.24"]

1. e4 e6 2. d4 d5 3. Nc3 Bb4 4. e5 c5 5. a3 Bxc3+ 6. bxc3 Ne7 7. Nf3 Nbc6 8.
Bd3 Qa5 9. Bd2 c4 10. Be2 b5 11. h4 Bd7 12. h5 h6 13. Qc1 Qa4 14. Rh4 O-O-O 15.
Rf4 Rdf8 16. Nh4 Nd8 17. Rb1 a5 18. Rf3 Kb7 19. g4 Ka6 20. Ng2 Rfg8 21. Ne3 g6
22. Nd1 Nec6 23. Ra1 b4 24. axb4 Qb5 25. Rh3 f6 26. f4 gxh5 27. Rxh5 Be8 28.
Rh1 f5 29. gxf5 exf5 30. bxa5 Nxa5 31. Ne3 Ndb7 32. Bf3 Bf7 33. Qa3 Qd7 34. Kf2
Be6 35. Qb4 Qd8 36. Nxc4 Rg7 37. Nxa5 Nxa5 38. Be2+ 1-0

[Event "IV Festival Terre degli Elimi A"]
[Site "Erice ITA"]
[Date "2013.07.26"]
[Round "4"]
[White "Valguarnera, Girolamo"]
[Black "Tondo, Salvatore"]
[WhiteElo "2086"]
[BlackElo "1935"]
[Result "1-0"]
[PlyCount "153"]
[EventDate "2013.07.24"]

1. Nf3 c5 2. g3 Nc6 3. Bg2 e5 4. d3 g6 5. O-O Bg7 6. Nbd2 Nge7 7. e4 d6 8. a4
a5 9. Nc4 h6 10. Nh4 g5 11. Nf3 Ng6 12. Ne3 Nce7 13. c3 Be6 14. d4 Qc7 15. dxe5
dxe5 16. Nd5 Nxd5 17. exd5 Rd8 18. c4 O-O 19. Nd2 Bd7 20. Qh5 Qc8 21. h3 Bf5
22. Ne4 Bxe4 23. Bxe4 Rd6 24. Bg2 f5 25. Bd2 b6 26. Ra3 Qd7 27. Re1 e4 28. h4
g4 29. Bxh6 Ne5 30. Bf4 Nxc4 31. Bxd6 Qxd6 32. Ra2 Nxb2 33. Rb1 Nd3 34. Qg5
Qxd5 35. Re2 Qc6 36. h5 Nb4 37. Bf1 Kh8 38. Qe7 c4 39. Rd2 c3 40. Rd6 Re8 41.
Rd8 Rxd8 42. Qxd8+ Kh7 43. Bb5 Qf6 44. Qc8 c2 45. Rf1 Bh6 46. Be8 Bg7 47. Bg6+
Kh6 48. Bxf5 Nd3 49. Bxg4 c1=Q 50. Rxc1 Nxc1 51. Qxc1+ Kh7 52. Qc2 Qd4 53. Bf5+
Kh6 54. Bxe4 Kxh5 55. Kg2 Kg5 56. Bc6 Kf6 57. Be4 Bf8 58. Qc6+ Bd6 59. Bd5 Ke7
60. f4 Qb2+ 61. Kf3 Bc5 62. Qe6+ Kd8 63. Kg4 Qg7+ 64. Kh3 Qh8+ 65. Kg2 Qb2+ 66.
Kf3 Qc3+ 67. Kg4 Qg7+ 68. Kf5 Qh7+ 69. Ke5 Qg7+ 70. Qf6+ Qxf6+ 71. Kxf6 Ke8 72.
g4 Kf8 73. Kg6 Bd4 74. f5 Ke7 75. g5 Be5 76. f6+ Kf8 77. Kf5 1-0

[Event "IV Festival Terre degli Elimi A"]
[Site "Erice ITA"]
[Date "2013.07.26"]
[Round "4"]
[White "Van Assendelft, Floris"]
[Black "Ljubisavljevic, Zivojin Z."]
[WhiteElo "2381"]
[BlackElo "2215"]
[Result "1-0"]
[PlyCount "65"]
[EventDate "2013.07.24"]

1. e4 c6 2. d4 d5 3. Nc3 dxe4 4. Nxe4 Nf6 5. Nxf6+ exf6 6. c3 Bd6 7. Bd3 O-O 8.
Qc2 Re8+ 9. Be3 h6 10. Ne2 Nd7 11. h4 Nf8 12. O-O-O Qa5 13. Kb1 Be6 14. Nc1 b5
15. g4 Bd5 16. g5 fxg5 17. hxg5 b4 18. cxb4 Bxb4 19. gxh6 g6 20. h7+ Kh8 21.
Bc4 Be7 22. Nd3 Bf6 23. Bf4 Bxd4 24. Bd2 Qb6 25. Rh4 Bg7 26. Bc3 Ne6 27. Ne5
Qc7 28. Bxd5 cxd5 29. Rxd5 Rad8 30. Rxd8 Rxd8 31. Qe4 Ng5 32. Qf4 Qd6 33. Qxg5
1-0

[Event "IV Festival Terre degli Elimi A"]
[Site "Erice ITA"]
[Date "2013.07.26"]
[Round "4"]
[White "Van Weersel, Arlette"]
[Black "Cannella, Carlo"]
[WhiteElo "2176"]
[BlackElo "1972"]
[Result "1-0"]
[PlyCount "89"]
[EventDate "2013.07.24"]

1. e4 c6 2. d4 d5 3. exd5 cxd5 4. Nf3 Nc6 5. Ne5 Nf6 6. c3 Bf5 7. Nd2 e6 8.
Ndf3 Bd6 9. Bd3 Bxd3 10. Qxd3 Qc7 11. Qe2 O-O 12. O-O Ne4 13. Nxc6 bxc6 14. c4
Rab8 15. g3 Qa5 16. Ne1 Qa6 17. f3 Nf6 18. Nc2 c5 19. dxc5 Bxc5+ 20. Be3 Rfc8
21. b3 Be7 22. Bf2 Bc5 23. Bxc5 Rxc5 24. Qf2 Qc6 25. Ne3 a5 26. Rab1 dxc4 27.
bxc4 Qc7 28. Nd5 Rxd5 29. cxd5 Nxd5 30. Rxb8+ Qxb8 31. Rc1 h5 32. Qc5 Qe5 33.
Kf2 h4 34. Rc4 Qa1 35. Qc8+ Kh7 36. Rxh4+ Kg6 37. Qc2+ Kf6 38. Re4 Qh1 39. Qb2+
Ke7 40. Rh4 Nb4 41. Qd4 Nd5 42. Qd2 Qb1 43. Kg2 Qb6 44. Re4 Qb1 45. Qxd5 1-0

[Event "IV Festival Terre degli Elimi A"]
[Site "Erice ITA"]
[Date "2013.07.26"]
[Round "4"]
[White "Walkusz, Malgorzata"]
[Black "Lo Bosco, Salvatore"]
[WhiteElo "1924"]
[BlackElo "1720"]
[Result "1/2-1/2"]
[PlyCount "114"]
[EventDate "2013.07.24"]

1. e4 c5 2. Nf3 d6 3. Bb5+ Bd7 4. a4 Qa5 5. Bxd7+ Nxd7 6. O-O Ngf6 7. Re1 Qc7
8. c3 e6 9. d4 Be7 10. h3 Rc8 11. Na3 a6 12. Bd2 O-O 13. b4 cxb4 14. cxb4 Rfe8
15. Rc1 Qb8 16. Qe2 Rxc1 17. Rxc1 Rc8 18. Nc2 Bf8 19. b5 Qa8 20. e5 dxe5 21.
dxe5 Nd5 22. Ncd4 Rxc1+ 23. Bxc1 Qc8 24. Bb2 N7b6 25. a5 Na4 26. bxa6 bxa6 27.
Nb3 Nxb2 28. Qxb2 Qc3 29. Nfd4 Qc7 30. Qe2 Qb7 31. Qc4 h6 32. g3 Bb4 33. Qc6
Qxc6 34. Nxc6 Bc3 35. Nc5 Nc7 36. Kf1 Kf8 37. f4 Ke8 38. Ke2 g6 39. Kf3 h5 40.
g4 hxg4+ 41. Kxg4 Bd2 42. h4 Be3 43. Ne4 Nd5 44. Nf6+ Nxf6+ 45. exf6 Bd2 46.
Nb8 Bxa5 47. Nxa6 Bc3 48. Kg5 Bd2 49. Nc5 e5 50. Ne6 fxe6 51. Kxg6 Kf8 52. fxe5
Kg8 53. f7+ Kf8 54. Kf6 Bc3 55. h5 Bxe5+ 56. Kxe6 Ba1 57. h6 Bb2 1/2-1/2

[Event "IV Festival Terre degli Elimi A"]
[Site "Erice ITA"]
[Date "2013.07.27"]
[Round "5"]
[White "Adrian, Claude"]
[Black "Di Misa, Salvatore"]
[WhiteElo "2221"]
[BlackElo "1962"]
[Result "1-0"]
[PlyCount "61"]
[EventDate "2013.07.24"]

1. Nf3 c5 2. c4 Nc6 3. Nc3 e6 4. g3 Nf6 5. Bg2 b6 6. d4 cxd4 7. Nxd4 Bb7 8. O-O
Rc8 9. Ndb5 Na5 10. b3 Bxg2 11. Kxg2 d5 12. Nxa7 Rc7 13. Nab5 Rd7 14. cxd5 Nxd5
15. Qc2 Qc8 16. Bb2 Bb4 17. Rac1 Nxc3 18. Nxc3 Rc7 19. Qe4 Bxc3 20. Rxc3 Rxc3
21. Bxc3 O-O 22. Rc1 Qd7 23. Qd4 Qb7+ 24. Kg1 f6 25. Qd6 Qc6 26. Qxc6 Nxc6 27.
Bxf6 Nb4 28. Be5 Nxa2 29. Rc6 b5 30. Bb2 Ra8 31. f4 {scoresheet unreadable} 1-0

[Event "IV Festival Terre degli Elimi A"]
[Site "Erice ITA"]
[Date "2013.07.27"]
[Round "5"]
[White "Alaimo, Francesco"]
[Black "Piazza, Dario"]
[WhiteElo "1657"]
[BlackElo "1881"]
[Result "1/2-1/2"]
[PlyCount "46"]
[EventDate "2013.07.24"]

1. Nf3 d5 2. g3 Nf6 3. Bg2 c5 4. d3 Nc6 5. O-O e5 6. Nbd2 Be7 7. e4 d4 8. h3
Be6 9. Ng5 Bd7 10. a3 h6 11. Ngf3 g5 12. Nh2 Qc8 13. g4 h5 14. f3 Be6 15. Re1
Nd7 16. Nhf1 h4 17. c4 a6 18. Rb1 b5 19. b3 Qc7 20. Qc2 Nb6 21. Nh2 Rb8 22. Bf1
O-O 23. Be2 b4 1/2-1/2